| 000 | 01751 a2200349 4500 | ||
|---|---|---|---|
| 999 |
_c11144 _d11144 |
||
| 020 | _a9780702040924 | ||
| 050 |
_aRC46 _bHUT 2012 |
||
| 245 |
_aHutchison's clinical methods : _b an integrated approach to clinical practice / _cedited by Michael Glynn and William Drake |
||
| 250 |
_aTwenty-third edition _bedited by Michael Glynn and William Drake |
||
| 264 |
_aEdinburgh : _bSaunders Elsevier, _c2012 |
||
| 300 |
_axii, 472 pages : _billustrations |
||
| 336 |
_2rdacontent _atext _btxy |
||
| 337 |
_2rdamedia _aunmediated _bn |
||
| 338 |
_2rdacarrier _avolume _bnc |
||
| 440 | _aStudent consult | ||
| 500 | _aPrevious edition: / edited by Michael Swash. Edinburgh : W.B. Saunders, 2002 Includes index | ||
| 505 | _a? | ||
| 520 | _aSeeks to teach an integrated approach to clinical practice, so that new methods and investigations are grafted onto established patterns of clinical practice, rather than added on as something extra. The text is organised so that both system-related and problem-oriented chapters are included. Particular emphasis is placed on the importance of the doctor-patient relationship, the essential skills needed for clinical examination, and for planning the appropriate choice of investigations in diagnosis and management | ||
| 650 | _aClinical medicine | ||
| 650 | _aDiagnosis | ||
| 650 | _aPhysical diagnosis | ||
| 650 | _aMedical history taking | ||
| 650 | _aDiagnostic Techniques and Procedures | ||
| 650 | _aClinical Medicine | ||
| 650 | _a Diagnosis | ||
| 650 | _aPhysical Examination | ||
| 650 | _aMedical History Taking | ||
| 650 | _aClinical Medicine -- methods | ||
| 700 |
_aGlynn, Michael _eeditor |
||
| 700 |
_aDrake, William _eeditor |
||
| 942 |
_2lcc _cBK _e23rd edition _h46 _iHUT _kRC |
||